000 00633nam a2200181Ia 4500
008 090630s9999 xx 000 0 und d
082 _b9693
100 _aदेवळे श. रा.
245 _aपं. नेहरुंच्या गोष्टी.
_cदेवळे श. रा.
260 _bमंगल.
300 _a40
600 _aदेवळे श. रा.
630 _aपं. नेहरुंच्या गोष्टी.
655 _aबालवाङमय.
700 _aदेवळे श. रा.
730 _aपं. नेहरुंच्या गोष्टी.
942 _cBOOK
999 _c261549
_d261549